000 00499nam a2200193Ia 4500
008 240510s9999 xx 000 0 und d
020 _a0000563165340
041 _aEng
082 _a005.265
082 _bH16
100 _aHARTNELL, Tim : RUSTON, Jeremy
245 4 _aThe book of listings fun programs for the BBC microcomputer
260 _bLondon : BBC
260 _c1982
300 _a159 p.
650 _aComputer games : graphics BBC microcomputers
942 _2ddc
942 _cLBK
999 _c25686
_d25686
945 _a1
_bMadushi Gamage
_c1
_dMadushi Gamage